<?xml version="1.0" encoding="UTF-8"?>
<record
    xmlns:xsi="http://www.w3.org/2001/XMLSchema-instance"
    xsi:schemaLocation="http://www.loc.gov/MARC21/slim http://www.loc.gov/standards/marcxml/schema/MARC21slim.xsd"
    xmlns="http://www.loc.gov/MARC21/slim">

  <leader>00421    a2200109   4500</leader>
  <controlfield tag="001">ART_41049</controlfield>
  <controlfield tag="005">20260410162017.0</controlfield>
  <controlfield tag="008">260409a                                 </controlfield>
  <datafield tag="245" ind1="1" ind2="0">
    <subfield code="a">El r&#xE9;gimen de internaciones de ni&#xF1;as, ni&#xF1;os y adolescentes en el C&#xF3;digo Civil y Comercial de la Naci&#xF3;n</subfield>
  </datafield>
  <datafield tag="100" ind1="1" ind2=" ">
    <subfield code="a">Olmo, Juan P.</subfield>
  </datafield>
  <datafield tag="773" ind1="0" ind2=" ">
    <subfield code="t">Temas de derecho de familia, sucesiones y bio&#xE9;tica</subfield>
    <subfield code="g">- A&#xF1;o 1, N&#xBA; 11 (nov. 2016)</subfield>
    <subfield code="w">REV41029</subfield>
  </datafield>
  <datafield tag="999" ind1=" " ind2=" ">
    <subfield code="c">32785</subfield>
    <subfield code="d">32785</subfield>
  </datafield>
</record>
